000 00814nam a22002297a 4500
003 UA-OsUOA
001 124871
007 ta
008 20170829b un ||||| |||| 00| 0 ukr d
090 _a82.09(477)"18/19"
942 _cBK
040 _aUA-OsUOA
_bukr
_cUA-OsUOA
_dUA-OsUOA
245 _aУкраїнська література ХІХ - початку ХХ століття: художнє слово у поступі нації
_bнауковий збірник
_cН. Левчик, Н. Бойко
300 _a420 с.
955 _a1
041 _aukr
080 _a82.09(477)"18/19"
020 _a978-966-97371-1-3
260 _aК.
_bНАНУ ім. Т. Г. Шевченка
_c2014
650 7 _a82 Література. Літературознавство
_2UDC
999 _c412049
_d412049